000 00539nam a2200205Ia 4500
005 20240327154537.0
008 131103s9999 xx 000 0 und d
040 _aLoreto College
041 _aEnglish
082 _a155.4
_bVAL
100 _aValentine,C.W.
245 4 _aThe Normal Child
_cC.W.Valentine
250 _a And Some of his abnormalities
260 _aHarmondsworth
_bPenguin Books
_c1964
300 _a288 p.
504 _aIncludes bibliography and index
650 _aPsychology
850 _aLCBED
942 _cBK
999 _c26984
_d77463